[Event "GER-chT Christmas U20"]
[Site "Playchess.com INT"]
[Date "2020.12.29"]
[Round "3.3"]
[White "Centgraf, Andras"]
[Black "Zurbuchen, Felix"]
[Result "1-0"]
[WhiteElo "1504"]
[BlackElo "1378"]
[PlyCount "83"]
[EventDate "2020.12.29"]
[EventType "team-swiss (blitz)"]
[EventRounds "7"]
[EventCountry "GER"]
[SourceTitle "CBM 200 Extra"]
[Source "ChessBase"]
[SourceDate "2021.03.31"]
[SourceVersion "1"]
[SourceVersionDate "2021.03.31"]
[SourceQuality "1"]
[WhiteTeam "Aschheim/Feldkirchen/Kirchheim"]
[BlackTeam "Aschheim/Feldkirchen/Kirchheim II"]
[WhiteTeamCountry "GER"]
[BlackTeamCountry "GER"]

1. d4 d5 2. c4 c6 3. cxd5 cxd5 4. Nf3 Nf6 5. Nc3 Bf5 6. Bf4 Nc6 7. e3 e6 8. Bd3 Bxd3 9. Qxd3 Be7 10. 0-0 h6 11. Rac1 0-0 12. a3 a5 13. Rc2 Rc8 14. Rfc1 Qd7 15. Qb5 Nh5 16. Na4 Nxf4 17. exf4 Rc7 18. Nb6 Qd6 19. Qd3 Qxf4 20. g3 Qd6 21. Kg2 Bf6 22. Rc5 Re7 23. Nd2 Bxd4 24. Rxc6 bxc6 25. Qxd4 Rc7 26. Rc5 Rb8 27. Nbc4 Qe7 28. Nxa5 Rb6 29. b4 Rb5 30. Rxb5 cxb5 31. Ndb3 Rc2 32. Nc5 Qg5 33. Nc6 Rd2 34. Qc3 Ra2 35. Na7 Qf5 36. Qe3 Qf6 37. Nxb5 e5 38. a4 d4 39. Qf3 Qb6 40. Qa8+ Kh7 41. Nd7 g6 42. Nxb6 1-0

[Event "GER-chT Christmas U16 Steinitz"]
[Site "Playchess.com INT"]
[Date "2020.12.28"]
[Round "6.2"]
[White "Von Rosen, Jakob"]
[Black "Centgraf, Andras"]
[Result "0-1"]
[WhiteElo "1722"]
[BlackElo "1415"]
[PlyCount "64"]
[EventDate "2020.12.28"]
[EventType "team-swiss (blitz)"]
[EventRounds "7"]
[EventCountry "GER"]
[SourceTitle "CBM 200 Extra"]
[Source "ChessBase"]
[SourceDate "2021.03.31"]
[SourceVersion "1"]
[SourceVersionDate "2021.03.31"]
[SourceQuality "1"]
[WhiteTeam "Blankenese"]
[BlackTeam "Aschheim/Feldkirchen/Kirchheim"]
[WhiteTeamCountry "GER"]
[BlackTeamCountry "GER"]

1. e4 c5 2. Nf3 Nc6 3. d4 cxd4 4. Nxd4 Nf6 5. Nc3 e5 6. Ndb5 a6 7. Nd6+ Bxd6 8. Qxd6 Qe7 9. Qxe7+ Kxe7 10. Bg5 d6 11. Nd5+ Kf8 12. Nxf6 gxf6 13. Bxf6 Rg8 14. 0-0-0 Rg6 15. Rxd6 Be6 16. Bh4 Rg4 17. g3 Rxe4 18. Bg2 Re2 19. Bxc6 bxc6 20. Rxc6 Bd5 21. Rh6 Bxh1 22. Rxh7 Kg8 23. Rh5 Rc8 24. c3 Rc6 25. Rf5 Be4 26. Rxe5 Rc2+ 27. Kd1 Rd6+ 28. Ke1 Bf3 29. Rg5+ Kf8 30. Rd5 Re6+ 31. Re5 Rxe5+ 32. Kf1 Rc1# 0-1